| 000 | 00439ntaaa2200181 4500 | ||
|---|---|---|---|
| 003 | 01 | ||
| 005 | 20251027202347.0 | ||
| 008 | 0714s1973 ag 01 | ||
| 040 |
_aAR-BaBN _bspa _cAR-BaBN _eaacr _dRIC |
||
| 082 | _a301.1520 H38 | ||
| 100 |
_aHendrok, John _922264 |
||
| 245 | _aOn becoming a group | ||
| 250 | _a1 ed. | ||
| 260 |
_aNashville : _bBroadman Press, _cs.f. |
||
| 300 | _a118 p | ||
| 650 |
_agrupos-dinĂ¡micos _9403 |
||
| 942 | _cBK | ||
| 999 |
_c18472 _d18472 |
||